<i>Salmonella</i> (Record no. 80901)

MARC details
000 -LEADER
fixed length control field 02890namaa2200421uu 4500
001 - CONTROL NUMBER
control field doab135244
003 - CONTROL NUMBER IDENTIFIER
control field oapen
005 - DATE AND TIME OF LATEST TRANSACTION
control field 20260218110426.0
006 - FIXED-LENGTH DATA ELEMENTS--ADDITIONAL MATERIAL CHARACTERISTICS
fixed length control field m o d
007 - PHYSICAL DESCRIPTION FIXED FIELD--GENERAL INFORMATION
fixed length control field cr|mn|---annan
008 - FIXED-LENGTH DATA ELEMENTS--GENERAL INFORMATION
fixed length control field 240307s2024 xx |||||o ||| 0|eng d
020 ## - INTERNATIONAL STANDARD BOOK NUMBER
International Standard Book Number 9781839624735
020 ## - INTERNATIONAL STANDARD BOOK NUMBER
International Standard Book Number 9781839624742
020 ## - INTERNATIONAL STANDARD BOOK NUMBER
International Standard Book Number 9781839625008
020 ## - INTERNATIONAL STANDARD BOOK NUMBER
International Standard Book Number intechopen.102150
024 7# - OTHER STANDARD IDENTIFIER
Standard number or code 10.5772/intechopen.102150
Source of number or code doi
040 ## - CATALOGING SOURCE
Original cataloging agency oapen
Transcribing agency oapen
Modifying agency
041 0# - LANGUAGE CODE
Language code of text/sound track or separate title eng
042 ## - AUTHENTICATION CODE
Authentication code dc
245 00 - TITLE STATEMENT
Title <i>Salmonella</i>
Remainder of title Perspectives for Low-Cost Prevention, Control and Treatment
260 ## - PUBLICATION, DISTRIBUTION, ETC.
Name of publisher, distributor, etc. IntechOpen
Date of publication, distribution, etc. 2024
300 ## - PHYSICAL DESCRIPTION
Extent 1 online resource (160 p.)
336 ## - CONTENT TYPE
Content type term text
Content type code txt
Source rdacontent
337 ## - MEDIA TYPE
Media type term computer
Media type code c
Source rdamedia
338 ## - CARRIER TYPE
Carrier type term online resource
Carrier type code cr
Source rdacarrier
506 0# - RESTRICTIONS ON ACCESS NOTE
Standardized terminology for access restriction Unrestricted online access
Source of term star
520 ## - SUMMARY, ETC.
Summary, etc. Salmonella is a Gram-negative bacterium and a member of the Enterobacteriaceae family that causes infections in humans and animals, making it one of the most common causes of bacterial gastroenteritis worldwide. Since its discovery in the late 1800s, significant progress has been made in the understanding of its genetics, classification, pathogenesis, detection, prevention, control, and treatment. Numerous reviews and chapters on Salmonella have been published, but some gaps remain to be addressed. This book includes seven chapters that focus on the low-cost prevention, control, and treatment of salmonellosis in developing countries. It begins with a brief review of Salmonella, followed by chapters on the transmission of the organism in food and companion animals relevant to the One Health approach, CRISPR-Cas systems in Salmonella for pathogen typing in diagnosis and surveillance, the low-cost control of Salmonella using solar disinfection of water in resource-limiting communities, and transmission and antimicrobial resistance (AMR) in Salmonella across the One Health sector. This book also introduces a new concept of AMR reversal using traditional Chinese medicine. The information provided in this book will encourage Salmonella researchers, medical professionals, and students to further enhance their own research and education as well as encourage new researchers to include Salmonella in their future research initiatives.
540 ## - TERMS GOVERNING USE AND REPRODUCTION NOTE
Terms governing use and reproduction Creative Commons
-- https://creativecommons.org/licenses/by/3.0/
-- cc
Uniform Resource Identifier <a href="https://creativecommons.org/licenses/by/3.0/">https://creativecommons.org/licenses/by/3.0/</a>
546 ## - LANGUAGE NOTE
Language note English
650 #7 - SUBJECT ADDED ENTRY--TOPICAL TERM
Topical term or geographic name entry element Medical microbiology and virology
Source of heading or term bicssc
720 1# - ADDED ENTRY--UNCONTROLLED NAME
Name Huang, Hongsheng
Relator code edt
720 1# - ADDED ENTRY--UNCONTROLLED NAME
Name Huang, Hongsheng
Relator code oth
720 1# - ADDED ENTRY--UNCONTROLLED NAME
Name Naushad, Sohail
Relator code edt
720 1# - ADDED ENTRY--UNCONTROLLED NAME
Name Naushad, Sohail
Relator code oth
793 0# -
-- DOAB Library.
856 ## - ELECTRONIC LOCATION AND ACCESS
Uniform Resource Identifier <a href="https://docs.google.com/spreadsheets/d/1yKIrdCPDAG_9c22mwoOIO2DOhtj65Wqa/edit?usp=sharing&ouid=106555315294820607512&rtpof=true&sd=true ">https://docs.google.com/spreadsheets/d/1yKIrdCPDAG_9c22mwoOIO2DOhtj65Wqa/edit?usp=sharing&ouid=106555315294820607512&rtpof=true&sd=true </a>
Link text List of Curated E-Books
942 ## - ADDED ENTRY ELEMENTS (KOHA)
Koha item type E-Book
Holdings
Withdrawn status Damaged status Not for loan Home library Current library Date acquired Total Checkouts Date last seen Price effective from Koha item type
      Directory of Open Access Books Directory of Open Access Books 12/09/2024   12/09/2024 12/09/2024 E-Book

University of Rizal System
Email us at univlibservices@urs.edu.ph

Visit our Website www.urs.edu.ph/library